Normal view MARC view

Entry Topical Term

Number of records used in: 1

001 - CONTROL NUMBER

  • control field: 27567

003 - CONTROL NUMBER IDENTIFIER

  • control field: OSt

005 - DATE AND TIME OF LATEST TRANSACTION

  • control field: 20210923151753.0

008 - FIXED-LENGTH DATA ELEMENTS

  • fixed length control field: 210923|| aca||aabn | a|a d

040 ## - CATALOGING SOURCE

  • Original cataloging agency: OSt
  • Transcribing agency: OSt

150 ## - HEADING--TOPICAL TERM

  • Topical term or geographic name entry element: Health - Government policy, Health regulation, Public health

670 ## - SOURCE DATA FOUND

  • Source citation: Work cat.: (OSt)517629: Einav, Liran et al 27566, Screening and selection: The case of mammograms

Powered by Koha